| 000 | 01270cam a2200325 4500 | ||
|---|---|---|---|
| 999 |
_c9638 _d9638 |
||
| 001 | 417453 | ||
| 003 | OCoLC | ||
| 005 | 20210204115652.0 | ||
| 008 | 720628s1971 ne d 000 0 eng | ||
| 010 | _a72181155 | ||
| 040 |
_aDLC _beng _cDLC _dBTCTA _dLVB _dSTF _dGBVCP _dOCLCO _dOCLCQ _dOCLCO |
||
| 041 | 0 | _aengarcheb | |
| 050 | 0 |
_aPJ4833 _bOS81H |
|
| 100 | 1 | _aHolladay, William Lee. | |
| 245 | 1 | 2 |
_aA concise Hebrew and Aramaic lexicon of the Old Testament. _c[By] William L. Holladay. Based upon the lexical work of Ludwig Koehler and Walter Baumgartner. |
| 260 |
_aLeiden, _bBrill, _c1971. |
||
| 300 |
_axix, 425 pages _c26 cm |
||
| 336 |
_atext _btxt _2rdacontent |
||
| 337 |
_aunmediated _bn _2rdamedia |
||
| 338 |
_avolume _bnc _2rdacarrier |
||
| 630 | 0 | 0 |
_aBible. _pOld Testament _xLanguage, style. |
| 650 | 0 |
_aHebrew language _vDictionaries _xEnglish. |
|
| 650 | 0 |
_aAramaic language _vDictionaries _xEnglish. |
|
| 653 | 0 |
_aAramaic language _aDictionaries _aEnglish |
|
| 653 | 0 |
_aBible _aO.T _aLanguage, style |
|
| 653 | 0 |
_aHebrew language _aDictionaries _aEnglish |
|
| 700 | 1 |
_aKöhler, Ludwig, _d1880-1956. _tLexicon in Veteris Testamenti libros. |
|
| 700 | 1 |
_aKöhler, Ludwig, _d1880-1956. _tHebräisches und aramäisches Lexikon zum Alten Testament. |
|
| 942 |
_2ddc _cBK |
||